00373nam a2200145Ia 4500008004100000020001600041082001300057100002300070245003500093250000700128260004200135300001800177500002400195650000800219230524s9999 xx 000 0 und d a9.78819E+12 a340bTRI aB.N. Mani Tripathi 0aJurisprudence The Legal Theory a19 aAllahabadbAllahabad law agencyc2017 a"xxxii,544p;" aQuantity Number: 1 aLAW